000 00866cam a2200229 i 4500
001 183626
003 ES-MaACL
005 20250902012549.0
008 140910s1870 sp | |||||||| | spa d
080 _a341.224(620)(063)
080 _a339.5(063)
111 2 _aCongreso Comercial e Internacional de El Cairo
_d(1869)
_9155434
245 1 0 _aCongreso Comercial e Internacional del Cairo, en noviembre de 1869 :
_bacuerdos y actas.
260 _aMadrid :
_b[s.n.],
_c1870 (
_fImp. del Colegio Nacional de Sordo-Mudos y de Ciegos)
300 _a52 p. ;
_c27 cm.
530 _aDisponible en formato digital.
650 7 _aComercio exterior
_2embne
_911168
651 4 _aCanal de Suez.
_9146448
852 4 _aES-MaACL
_jT-111-F-4
856 4 _uhttp://bdh-rd.bne.es/viewer.vm?id=0000048049&page=1
_zBiblioteca Digital Hispánica
999 _c183626
_d183626